ბათუმის შოთა რუსთაველის სახელმწიფო უნივერსიტეტის ბიბლიოთეკა

საზღვაო სატრანსპორტო-ლოჯისტიკური სისტემები საერთაშორისო ბიზნესში: თანამედროვე გამოწვევები და განვითარების პერსპექტივები : (ბიბ.ჩანაწერი № 63211)

000 -ლიდერი
ფიქსირებული სიგრძის საკონტროლო ველი 01457nam a22002297a 4500
003 - საკონტროლო ნომრის იდენტიფიკატორი
საკონტროლო ველი Ge_BSU
005 - ბოლო ოპერაციის თარიღი და დრო
საკონტროლო ველი 20250630105548.0
008 - ფიქსირებული სიგრძის მონაცემთა ელემენტები - ზოგადი ინფორმაცია
ფიქსირებული სიგრძის საკონტროლო ველი 250630s2025 ge ||||| |||| 00| 0 geo d
041 ## - ენის კოდი
Language code of text/sound track or separate title geo
080 ## - უნივერსალური ათობითი კლასიფიკაციის ინდექსი
Universal Decimal Classification number 33 მ-25
100 ## - მთავარი ჩანაწერი - პიროვნების სახელი
Personal name მამულაძე, გიორგი
9 (RLIN) 25566
245 ## - ცნობა სათაურის შესახებ
Title საზღვაო სატრანსპორტო-ლოჯისტიკური სისტემები საერთაშორისო ბიზნესში: თანამედროვე გამოწვევები და განვითარების პერსპექტივები :
Remainder of title დისერტაცია /
Statement of responsibility, etc გიორგი მამულაძე; სამეცნიერო ხელმძღვანელი დავით ქათამაძე; ბსუ. ეკონომიკისა და ბიზნესის ფაკულტეტი.
264 ## - წარმოების, გამოცემის, დისტრიბუციის და სხვა ცნობები
გამოცემის, წარმოების, დისტრიბუციის... ადგილი ბათუმი,
გამოცემის, წარმოების, დისტრიბუციის... თარიღი 2025.
300 ## - ფიზიკური აღწერა
Extent 179 გვ. ;
Other physical details 30 სმ.
504 ## - BIBLIOGRAPHY, ETC. NOTE
Bibliography, etc ბიბლიოგრ. გვ.162-173
653 ## - INDEX TERM--UNCONTROLLED
Uncontrolled term ეკონომიკა
653 ## - INDEX TERM--UNCONTROLLED
Uncontrolled term ბიზნესის ადმინისტრირება
653 ## - INDEX TERM--UNCONTROLLED
Uncontrolled term დისერტაცია
700 ## - ADDED ENTRY--PERSONAL NAME
Personal name ქათამაძე, დავით
9 (RLIN) 2027
710 ## - ADDED ENTRY--CORPORATE NAME
Corporate name or jurisdiction name as entry element ბსუ.
Subordinate unit ეკონომიკისა და ბიზნესის ფაკულტეტი.
9 (RLIN) 25567
942 ## - ADDED ENTRY ELEMENTS (KOHA)
Source of classification or shelving scheme
Koha item type დისერტაცია
ეგზემპლარები
ჩამოწერის სტატუსი დაკარგული ეგზემპლარის სტატუსი კლასიფიკაციის წყარო ან თაროზე გაწყობის სქემა დაზიანების სტატუსი არ გაიცემა მუდმივი მდებარეობა (დაცვის ადგილი) ამჟამინდელი ადგილსამყოფელი თაროზე განთავსების ადგილი შეძენის თარიღი სრული შენახვის შიფრი შტრიხკოდი ბოლო ოპერაციის თარიღი ეგზემპლარის მიმდევრობითი ნომერი (კეტერი?) ფასის ძალაში შესვლის თარიღი ეგზემპლარის სახეობა
          ბათუმის შოთა რუსთაველის სახელმწიფო უნივერსიტეტის მთავარი ბიბლიოთეკა ბათუმის შოთა რუსთაველის სახელმწიფო უნივერსიტეტის მთავარი ბიბლიოთეკა წიგნსაცავი 2025-06-30 33 მ-25 440 დისერტ. 2025-06-30 440 2025-06-30 დისერტაცია